000 03090cam a2200325 i 4500
001 20160884
005 20250319181941.0
008 171122m20179999cl b 000 0 spa
010 _a 2018365859
020 _a9789563468885 (tomo I)
035 _a(PE-LiEIC)it201600006637
040 _aDLC
_beng
_cDLC
_erda
042 _apcc
043 _as-cl---
050 0 0 _aKHF4136
_b.E934 2017
100 1 _aEvans Espiñeira, Eugenio,
_eauthor.
_933205
245 1 0 _aDerecho y regulación económica de la energía eléctrica /
_cEugenio Evans Espiñeira, Eduardo Yáñez Rebolledo.
250 _a1a edición.
300 _avolumes ;
_c25 cm.
490 0 _aColección Tratados y manuales
504 _aIncludes bibliographical references.
505 _aCapítulo 1. Estructura del sector eléctrico en Chile -- Capítulo 2. La concesión eléctrica -- Capítulo 3. Permisos y servidumbres -- Capítulo 4. Explotación de los servicios eléctricos y del suministro -- Capítulo 5. Sistemas eléctricos y su funcionamiento -- Capítulo 6. Segmento transmisión -- Capítulo 7. Panel de expertos -- Capítulo 8. Superintendencia de electricidad y combustibles.
520 _aEste libro analiza las instituciones fundamentales de la regulación jurídica y económica del sector eléctrico chileno. Describe la normativa que le es aplicable, reseña las autoridades sectoriales, explica el funcionamiento de los servicios públicos eléctricos, la concesión como instrumento clave de esta actividad económica, las obligaciones que pesan sobre concesionarios eléctricos, las que se imponen a los propietarios de los predios particulares, públicos y fiscales, en fin, acerca de la forma en que opera la coordinación de las instalaciones que conforman un sistema eléctrico. Analiza muy profunda y sofisticadamente al Panel de Expertos creado por la Ley N° 19.940, a la Superintendencia de Electricidad y Combustibles, instituida por la Ley N° 18.410 y al Coordinador Independiente del Sistema Eléctrico Nacional, cuyo origen está en la reciente Ley N° 20.936, lo anterior, sin descuidar al Ministerio de Energía y a la Comisión Nacional de Energía, como las máximas autoridades sectoriales. Tratándose de la Ley N° 20.936, este libro recoge las principales normativas en ella contenida, en especial, lo relacionado a la nueva forma en que regula el sector de transmisión de energía eléctrica, como divide las instalaciones que lo integran, su determinación, el acceso abierto a ellas, entre otras materias de relevancia para esta área de la actividad económica nacional, la más intensamente reglamentada de todas. Esta obra es el resultado de la experiencia profesional público-privada de los autores.
650 0 _aElectric utilities
_xLaw and legislation
_zChile.
_933206
650 0 _aEnergía eléctrica
_zChile
_vDerecho
_933207
700 1 _aYáñez Rebolledo, Eduardo,
_eauthor.
_933208
906 _a7
_bcbc
_corigres
_d2
_encip
_f20
_gy-gencatlg
942 _2ddc
_cLIBRO
999 _c18283
_d18283